LEADER 00890nam0-22003251--450- 001 990008782520403321 005 20081217142041.0 020 $aIT$b759141 035 $a000878252 035 $aFED01000878252 035 $a(Aleph)000878252FED01 035 $a000878252 100 $a20081217d1974----km-y0itay50------ba 101 0 $aita 102 $aIT 105 $ay-------001yy 200 1 $a<>regime matrimoniale in Italia$fMario Petroncelli 205 $aRist. aggiornata 210 $aNapoli$cLibreria scientifica editrice$d1974 215 $a244 p.$d25 cm 676 $a346.15$v18 700 1$aPetroncelli,$bMario$0133059 801 0$aIT$bUNINA$gRICA$2UNIMARC 901 $aBK 912 $a990008782520403321 952 $aII G 56$b100227$fFGBC 952 $aII G 57$b100228$fFGBC 959 $aFGBC 996 $aRegime matrimoniale in Italia$9697246 997 $aUNINA LEADER 01094nam 22003973 450 001 9910131674103321 005 20101102000000.0 010 $a88-7470-386-4 035 $a(CKB)3460000000088158 035 $a(ItFiC)it 002448609 035 $a(EXLCZ)993460000000088158 100 $a20110322d2007 uy 0 101 0 $aita 200 13$aLa parola accesa $euna mappa di letture /$fDavide Rondoni 205 $aNuova ed. ampliata. 210 $aBari $cEdizioni di Pagina$d2007 215 $axiii, 211 p. ;$d18 cm 225 0$aAccènti ;$v11 300 $aCollected lectures, partly already publ. 300 $aFirst publ. 2006, now enlarged. 311 $a88-7470-050-4 320 $aIncludes bibliographical references. 517 $aParola accesa 517 $aLa parola accesa 676 $a806 676 $a851 676 $a850 676 $a841 676 $a821 700 $aRondoni$b Davide$f1964-$0176227 801 0$bItFiC 801 1$bItFiC 906 $aBOOK 912 $a9910131674103321 996 $aLa parola accesa$92434682 997 $aUNINA